| 000 | 01224cam a2200361 4500 | ||
|---|---|---|---|
| 001 | J3440 | ||
| 008 | 090401t1996 xxu||||| |||| 00| 0 eng d | ||
| 035 | _a(Sirsi) u55051 | ||
| 041 | _aeng | ||
| 050 | _a333.337 | ||
| 100 | _aMorrell, James | ||
| 245 | _aBusiness forecasts for the UK commercial property market through the next decade. | ||
| 260 |
_aLondon _bJames Morrell Associates _c1996 |
||
| 300 | _a100p. ; 30cm. | ||
| 350 | _a160 | ||
| 520 | _aAfter looking at the general economic background and a consideration of property cycles, the report gives forecasts of rents, yields and residual land values for retail, office and industrial property. Includes national and regional figures. produced for Charterhouse plc. | ||
| 650 | _aCHARTERHOUSE PLC | ||
| 650 | _aPROPERTY-COMMERCIAL PROPERTY | ||
| 650 | _aFORECASTS | ||
| 650 | _aINDUSTRIAL PROPERTY | ||
| 650 | _aOFFICES | ||
| 650 | _aPROPERTY CYCLES | ||
| 650 | _aREGIONS | ||
| 650 | _aRENTAL VALUES | ||
| 650 | _aRESIDUAL LAND VALUES | ||
| 650 | _aRETAIL PROPERTY | ||
| 650 | _aSHOPS | ||
| 650 | _aYIELDS | ||
| 690 | _aPROPERTY-COMMERCIAL PROPERTY | ||
| 710 |
_aJames Morrell Associates _9810 |
||
| 942 | _n0 | ||
| 948 | _c04/03/1997 | ||
| 999 |
_c93549 _d93549 |
||